00000000nam 2200000zi 4500
0019.946603
003CaOODSP
00520250108084339
006m     o  d f      
007cr |n|||||||||
008250107s1976    oncbd   ob   f000 0 eng d
040 |aCaOODSP|beng|erda|cCaOODSP
043 |an-cn-nt
0861 |aEn57-46/25E-PDF
1001 |aCrowe, R. B., |eauthor.
24512|aA climatic classification of the Northwest Territories for recreation and tourism / |cby R.B. Crowe.
264 1|aToronto : |bAtmospheric Environment Service, Meteorological Applications Branch, |c1976.
300 |a1 online resource (xvii, 232 pages) : |bmaps, charts.
336 |atext|btxt|2rdacontent
337 |acomputer|bc|2rdamedia
338 |aonline resource|bcr|2rdacarrier
4901 |aProject report (Canada. Meteorological Applications Branch) ; |vno. 25
500 |aDigitized edition from print [produced by Environment and Climate Change Canada].
504 |aIncludes bibliographical references (pages 229-232).
650 0|aTourism|xSeasonal variations|zNorthwest Territories.
650 6|aTourisme|xVariations saisonnières|zTerritoires du Nord-Ouest.
651 0|aNorthwest Territories|xClimate|xClassification.
651 6|aTerritoires du Nord-Ouest|xClimat|xClassification.
7101 |aCanada. |bMeteorological Applications Branch, |eissuing body.
830#0|aProject report (Canada. Meteorological Applications Branch)|vno. 25.|w(CaOODSP)9.883702
85640|qPDF|s255,839 KB|uhttps://publications.gc.ca/collections/collection_2025/eccc/en57/En57-46-25-eng.pdf